| 000 | 00937nam a22002537a 4500 | ||
|---|---|---|---|
| 008 | 130821s2007 xxua gr eng | ||
| 020 | _a691127026 | ||
| 020 | _a691130965 | ||
| 020 | _a9780691127026 | ||
| 020 | _a9780691130965 | ||
| 040 |
_aCo-BoUCM _bspa |
||
| 041 | 0 | 0 | _aeng |
| 100 | 1 |
_aMiller, John H. _q(John Howard) _d1959- _9150870 |
|
| 245 | 1 | 0 |
_aComplex adaptive systems an introduction to computational models of social life _cJohn H. Miller, Scott E. Page |
| 260 |
_aPrinceton (Nueva Jersey, Estados Unidos) _bPrinceton University Press _c2007 |
||
| 300 |
_axix, 263 páginas _bilustraciones |
||
| 490 | 0 | _aPrinceton Studies in Complexity | |
| 650 | 0 | 4 |
_aCiencias sociales _vModelos matemáticos _954184 |
| 650 | 0 | 4 |
_aSistemas sociales _vModelos matemáticos _924675 |
| 650 | 0 | 4 |
_aSociología _9386 |
| 700 | 1 |
_aPage, Scott E. _993606 |
|
| 942 |
_a5 _e1 _mM647c _cLIBRO _2DEWEY _h300 |
||
| 999 |
_c92482 _d92482 |
||